| 000 | 00981cam a2200241 4500 | ||
|---|---|---|---|
| 001 | ABS64820 | ||
| 008 | 011120n2001 000 0 eng u | ||
| 035 | _a(Sirsi) u115649 | ||
| 100 | _aMcCracken, R. | ||
| 245 | _aStatutory nuisance (1): nature and scope | ||
| 260 | _c2001 | ||
| 490 |
_aSolicitors' Journal _v145(42) 1028-1029(2) |
||
| 520 | _aIn the first of a series of six articles, the paper outlines what must be considered when deciding if a statutory nuisance occurs. The Environmental Protection Act 1990 s79(1) establishes nine categories of statutory nuisance which will be discussed in greater depth in the second article in the series. This article discusses what constitutes 'prejudicial to health' or 'nuisance'. | ||
| 590 | _aABS | ||
| 650 | _aENVIRONMENTAL PROTECTION ACT 1990 S79(1) | ||
| 650 | _aSTATUTORY NUISANCE | ||
| 650 | _aHEALTH | ||
| 650 | _aNUISANCE | ||
| 650 | _aNOISE POLLUTION | ||
| 650 | _aCASE LAW | ||
| 690 | _aLAW | ||
| 942 | _n0 | ||
| 999 |
_c68874 _d68874 |
||